000 01113nam a22003137a 4500
003 CHAP
005 20220329141707.0
008 971013s1971 r 00010 d
010 _a72319
011 _a73291
035 _a82848
040 _cCHAP
090 _aTesis
100 0 0 _aAguirre Luna, Oscar.
_93007
245 _aEstudio de correlación, regresión y análisis de frecuencias para los datos meteorológicos de Montemorelos, N.L.
260 _a(Monterrey, N.L.) :
_bEl autor,
_c1971
300 _a144 h.
502 _aTesis (M.C. Esp. en Uso y Conservación del Agua) -- ITESM. Div. de Ciencias Agropecuarias y Martítimas. Programa de Graduados
590 _aALEPH
_b10
_c20130110
_lUCH01
_h1413
590 _aBATCH-UPD
_b10
_c20130110
_lUCH01
_h0618
590 _aBATCH-UPD
_b10
_c20130410
_lUCH01
_h0300
590 _aBATCH-UPD
_b10
_c20130913
_lUCH01
_h2322
590 _aCONVERSION
_b10
_c20130109
_lUCH01
_h1340
650 1 4 _aMeteorología
_xNuevo León.
_975209
650 1 4 _aObservaciones meteorológicas.
_982584
901 _aBK
942 _cTESIS
949 _bBC
_cTES
_d-37109
_eTS1
_i82848
_si
999 _c72319
_d72319